Information-Theoretic Methods in Data Science

Saved in:
Bibliographic Details
Main Author: Rodrigues
Format: Book
Published: CUP
Tags: Add Tag
No Tags, Be the first to tag this record!

MARC

LEADER 00000nam a2200000Ia 4500
005 20260513122055.0
020 |a 9781108427135 
100 |a Rodrigues 
365 |c £ 
365 |b 28.00 
942 |c BK 
245 |a Information-Theoretic Methods in Data Science 
260 |b CUP 
999 |c 126  |d 126 
952 |0 0  |1 0  |4 0  |7 0  |a UNSW  |b UNSW  |d 2026-05-06  |g 90.00  |i 16685  |l 0  |p 000039  |r 2026-05-13 12:20:55  |v 90.00  |w 2026-05-13  |y BK